00281nam a2200109Ia 4500008004100000100002000041245004700061260000900108650002700117942001200144999001500156150531s2010 xx 000 0 und d aSAXENA ,PRABHAT aCURRENT CONCEPTS IN ROOT CANAL PREPARATION c2010 aCONSERVATIVE DENTIATRY 2ddccTH c7415d7415